ARRUPE JESUIT UNIVERSITY

CORONAVIRUS -STOP THE SPREAD - CLEAN,DISINFECT,COVER

Caves,monuments and texts; (Record no. 131711)

MARC details
000 -LEADER
fixed length control field 00439nam a22001337a 4500
008 - FIXED-LENGTH DATA ELEMENTS--GENERAL INFORMATION
fixed length control field 230327b |||||||| |||| 00| 0 eng d
020 ## - INTERNATIONAL STANDARD BOOK NUMBER
International Standard Book Number 02845040.
050 ## - LIBRARY OF CONGRESS CALL NUMBER
Classification number DT2906.C38 1997.
100 ## - MAIN ENTRY--PERSONAL NAME
Personal name Pwiti, Gilbert
9 (RLIN) 31769
245 ## - TITLE STATEMENT
Title Caves,monuments and texts;
Remainder of title zimbabwean archaelogy today.
Statement of responsibility, etc Gilbert,Pwiti
260 ## - PUBLICATION, DISTRIBUTION, ETC. (IMPRINT)
Place of publication, distribution, etc Sweden:
Name of publisher, distributor, etc Department of Archaeology and Ancient History.
Date of publication, distribution, etc 1997.
300 ## - PHYSICAL DESCRIPTION
Extent vi;
Other physical details 159p;
Dimensions 24cm.
942 ## - ADDED ENTRY ELEMENTS (KOHA)
Source of classification or shelving scheme Library of Congress Classification
Item type Monograph ( Printed materials)
Holdings
Withdrawn status Lost status Source of classification or shelving scheme Damaged status Not for loan Home library Current library Shelving location Date acquired Total Checkouts Full call number Barcode Date last seen Price effective from Koha item type
    Library of Congress Classification     ARRUPE LIBRARY ARRUPE LIBRARY Main Collection 27/03/2023   DT2906.C38 1997. 46700000245 27/03/2023 27/03/2023 Monograph ( Printed materials)

 

Arrupe Library. PO Box MP320 Mt Pleasant, Harare, Zimbabwe
263 242 745411|librarian@aju.ac.zw